Qui est ce rappeur ( FR, US ) - Statistiques

Statistiques générales
  • Ce quiz a été pris 670 fois
  • Le résultat moyen est 11 sur 15
Statistiques - réponses
Hint Réponse % Correct
J’ai sorti les bangers AMBER et toute la journée, mon nom est comme celui d’un vieux ecrivain Zola
88%
Je suis l’artiste le plus streamé au monde, j’ai presque 20 sons ayant plus d’un Milliard d’écoutes j’ai eu des beefs avec pusha t, XXXtentacion et kendrick lamar Drake
86%
J’ai sorti le succès national la vie qu’on mène et l’album destin Ninho
85%
J’ai fait un album avec gazo, j’ai drop le banger meuda Tiakola
84%
Je suis une légende du rap on me surnomme slim shady Eminem
83%
J’ai fait un son avec offset récemment et j’ai sorti un album contenant le son nananiNanana Gazo
78%
Je suis mort de manière violente avec un avenir dans le rap je suis connu pour ma drill Pop smoke
74%
J’ai drop les bangers la menace fantôme et l’attaque des clones, je suis connu pour Mes polémiques Freeze corleone
72%
J’ai récemment drop l’album surprise GNX, je suis en beef avec drake et lil wayne Kendrick lamar
72%
Je suis connu pour mes sons tristes et ma drill je suis mort à l’âge de 20 ans XXXtentacion
64%
J’ai drop 4 albums durant ma carrière, je suis connu malheureusement Pour un drame ayant coûté la vie de 10 personnes, jai drop une mixtape avec quavo En 2017 Travis scott
63%
J’ai récemment eu un skin fortnite je suis décédé il y’a 5 ans, j’ai 3 albums posthumes Juice WRLD
60%
J’ai sorti drip too hard avec Gunna et yes indeed avec drake j’ai collaboré avec ninho Lil baby
56%
Je suis connus pour mes featurings sur Roxanne, sunflower et unforgettable, j’ai un groupe avec mon frère Swae Lee
44%
Je viens de O-block je me suis fait arrêté, j’ai featuré avec drake sur le son laugh now cry later Lil durk
41%
Aucun quiz correspondant
Distribution des résultats
% des personnes avec chaque résultat
Percentile par nombre de réponses
Votre historique - résultats
Vous n’avez pas pris ce quiz